[Event "Sampa Chess Open 2024"]
[Site "Sao Paulo"]
[Date "2024.02.01"]
[Round "5.13"]
[White "Matiuci, Bernardo Steinle"]
[Black "Cordero, Daniela"]
[Result "0-1"]
[WhiteElo "1546"]
[BlackElo "2028"]
[PlyCount "64"]
[EventDate "2024.01.29"]
[EventRounds "9"]
[EventCountry "BRA"]

1. d4 d5 2. c4 c6 3. Nc3 Nf6 4. Nf3 a6 5. e3 dxc4 ({RR} 5... g6 6. cxd5 cxd5 7.
Ne5 Nbd7 8. Be2 e6 9. O-O Bd6 10. f4 b5 11. Bd2 Bb7 12. Be1 O-O 13. Bh4 Be7 14.
a4 b4 15. Nb1 a5 16. Nd2 Ne4 17. Nxd7 Qxd7 18. Bb5 Qd8 19. Bxe7 Qxe7 20. Nb3 {
Morozevich,A (2755)-Kamsky,G (2724) Kemer 2007 1/2-1/2 (43)}) 6. a4 ({RR} 6.
Bxc4 b5 7. Bd3 Bb7 8. e4 e6 9. O-O Nbd7 10. e5 Nd5 11. Nxd5 cxd5 12. Ng5 Be7
13. Qg4 g6 14. Be3 h5 15. Qg3 Nf8 16. Rac1 h4 17. Qg4 Bc8 18. Rc2 Rh5 19. Nh3
Bd7 20. Rfc1 Rc8 {Tolhuizen,L (2090)-Hilbenz,G (1845) Helsingor DEN 2019 1-0 
(37)}) 6... e6 7. Be2 $146 ({RR} 7. Bxc4 Bb4 8. O-O O-O 9. Qc2 Nbd7 10. e4 h6
11. Rd1 Re8 12. Bf4 Qe7 13. h3 b6 14. Ba2 Bb7 15. Bb1 Nf8 16. e5 Nd5 17. Nxd5
cxd5 18. Kh1 Rec8 19. Qd3 a5 20. g4 Ng6 21. Rg1 Ba6 {Kirk,E (1970)-Barbot,P 
(1590) Ambes 2010 1-0 (75)}) 7... Bb4 8. Nd2 Bxc3 9. bxc3 b5 10. axb5 cxb5 11.
Ba3 Bb7 12. O-O Nc6 13. Rb1 Qc7 14. Bf3 O-O-O 15. Qe2 h5 16. e4 g5 17. e5 Nd5
18. Rfc1 Nf4 19. Qe3 Na5 20. Bd6 Rxd6 21. exd6 Qxd6 22. Ne4 Bxe4 23. Qxe4 Nd5
24. Rb2 g4 25. Bd1 f5 26. Qe1 Nf4 27. Rd2 Qd5 28. f3 Nd3 29. Rxd3 cxd3 30. c4
Nxc4 31. Qa5 Qxd4+ 32. Kh1 Kb7 0-1

[Event "Sampa Chess Open 2024"]
[Site "Sao Paulo"]
[Date "2024.02.01"]
[Round "5.14"]
[White "Da Silva, Lucas Pereira Mende"]
[Black "Barroso, Daniele Silva"]
[Result "1-0"]
[WhiteElo "1974"]
[BlackElo "1349"]
[PlyCount "103"]
[EventDate "2024.01.29"]
[EventRounds "9"]
[EventCountry "BRA"]

1. d4 d5 2. c4 e6 3. Nc3 h6 4. Nf3 ({RR} 4. cxd5 exd5 5. Bf4 Nf6 6. e3 Bd6 7.
Bxd6 Qxd6 8. Bd3 O-O 9. Nge2 Be6 10. O-O Nbd7 11. Qd2 c5 12. Rac1 Rac8 13. h3
a6 14. Bb1 b5 15. dxc5 Rxc5 16. Ng3 Qe7 17. Nce2 Rfc8 18. Rcd1 Ne5 {Donchenko,
A (2645)-Druska,J (2508) Terme Catez SLO 2021 1-0 (52)}) ({RR} 4. e3 Nf6 5. Bd3
b6 6. Nf3 dxc4 7. Bxc4 Bb7 8. O-O Nbd7 9. Qe2 c5 10. Rd1 a6 11. d5 exd5 12.
Nxd5 Nxd5 13. Bxd5 Bxd5 14. Rxd5 Qc7 15. e4 Be7 16. e5 O-O 17. Bf4 Qc6 18. Rad1
Rfd8 {Sarkar,J (2314)-Balabayeva,X (2179) chess.com INT 2022 1-0 (47)}) 4... a6
5. e3 $146 ({RR} 5. e4 dxe4 6. Nxe4 b6 7. Bd3 Bb7 8. O-O Nf6 9. Re1 Nxe4 10.
Bxe4 Bxe4 11. Rxe4 Be7 12. Ne5 Nd7 13. Nc6 Qc8 14. Qe2 Bf6 15. Qh5 Nb8 16. Ne5
Bxe5 17. Qxe5 Kf8 18. Rg4 f6 19. Qe4 Ra7 {Csizmadia,L (2274)-Jansik,A (2057)
Hungary 2000 1-0 (40)}) ({RR} 5. a4 Bb4 6. Qb3 a5 7. e3 Nf6 8. Bd2 Na6 9. Bd3
c5 10. O-O b6 11. cxd5 exd5 12. Bb5+ Bd7 13. Nxd5 Bxb5 14. Nxf6+ Qxf6 15. axb5
Nc7 16. Bxb4 cxb4 17. Rac1 Qe6 18. Qd3 Qd7 19. Qe4+ Qe6 {Coriat,S (2060)
-Perosevic,V (1720) Paris 2002 1-0}) 5... Nf6 6. Qc2 c5 7. cxd5 cxd4 8. Qa4+
Bd7 9. Qxd4 exd5 10. Nxd5 Qa5+ 11. Nc3 Nc6 12. Qd1 Ne4 13. Bd2 Nxd2 14. Qxd2
Bb4 15. a3 Bxc3 16. Qxc3 Qxc3+ 17. bxc3 O-O 18. O-O-O Bg4 19. Be2 Ne5 20. Nxe5
Bxe2 21. Rd2 Bb5 22. Kb2 Rfd8 23. Rhd1 Rxd2+ 24. Rxd2 Re8 25. Nf3 Bc6 26. Ne1
g6 27. g3 Kg7 28. c4 h5 29. h4 Re4 30. Kc3 b5 31. Rd4 Re6 32. c5 Kf6 33. Nd3
Ke7 34. Nb4 a5 35. Nxc6+ Rxc6 36. Rd5 Ke6 37. Kd4 f6 38. Rd8 b4 39. axb4 axb4
40. Rb8 Rc7 41. Rb6+ Ke7 42. Rxb4 Rd7+ 43. Ke4 Rd2 44. f3 Rc2 45. Kd5 Rd2+ 46.
Rd4 Rc2 47. c6 f5 48. Ra4 Rd2+ 49. Ke5 Rc2 50. Ra7+ Kd8 51. Rd7+ Kc8 52. Rd6
1-0

[Event "Sampa Chess Open 2024"]
[Site "Sao Paulo"]
[Date "2024.02.01"]
[Round "5.16"]
[White "Hirota Da Silva, Nilton"]
[Black "Santos, Marcus Vinicius Mor"]
[Result "0-1"]
[WhiteElo "1827"]
[BlackElo "2331"]
[PlyCount "49"]
[EventDate "2024.01.29"]
[EventRounds "9"]
[EventCountry "BRA"]

1. d4 Nf6 2. Nf3 g6 3. g3 Bg7 4. Bg2 O-O 5. O-O d6 6. c4 c6 7. Nc3 Qa5 8. e4 e5
9. dxe5 dxe5 10. Qc2 Be6 ({RR} 10... Nbd7 11. a3 Re8 12. b4 Qc7 13. Bb2 a5 14.
Nd2 Bf8 15. Rfb1 axb4 16. axb4 Rxa1 17. Bxa1 b6 18. Na4 Ba6 19. Bf1 Rb8 20. Nc3
Ra8 21. Nd1 Bb7 22. Bc3 Qb8 23. Bh3 Ra3 24. f3 Bh6 25. Nf1 {Jussupow,A (2589)
-Grandelius,N (2500) Germany 2010 1/2-1/2 (83)}) ({RR} 10... Na6 11. a3 Rd8 12.
Be3 Ng4 13. Bg5 f6 14. Bd2 Qc5 15. h3 Nh6 16. b3 Qe7 17. Na4 Be6 18. Rfd1 b5
19. Nb2 Nf7 20. Bf1 Rab8 21. b4 Nc7 22. c5 {1/2-1/2 (22) Chetverik,M (2199)
-Schalkx,J (2157) Geraardsbergen BEL 2019}) 11. b3 h6 12. Bd2 Qc7 13. Rad1 $146
({RR} 13. Rfd1 Na6 14. Rac1 Rad8 15. a3 Qb8 16. h3 Rd7 17. Be3 Rfd8 18. Rxd7
Rxd7 19. Rd1 Bf8 20. Rxd7 Nxd7 21. Qb2 Qd6 22. Bf1 Qxa3 23. Qxa3 Bxa3 24. Bxa7
Nac5 25. Bxc5 Nxc5 26. Nd2 Bb4 27. Ncb1 Kf8 {Farell,R (1973)-Shvartsman,A 
(2192) Irvine 2010 0-1 (46)}) 13... Nbd7 14. h3 b5 15. cxb5 cxb5 16. Qc1 Rac8
17. Qb1 Qb7 18. Nh4 Rfd8 19. Nd5 Re8 20. Bb4 Bxd5 21. exd5 e4 22. Rfe1 Nb6 23.
d6 Rcd8 24. Qc2 Nbd7 (24... Nbd5 25. Bxe4 Nxb4 26. Bxb7 Rxe1+ 27. Rxe1 Nxc2 28.
Rc1 Nd4 29. Rc8 Rxc8 30. Bxc8 Kf8 31. Kg2 Ke8 32. Nf3 Nxf3 33. Kxf3 Bf8) 25.
Bxe4 0-1

[Event "Sampa Chess Open 2024"]
[Site "Sao Paulo"]
[Date "2024.02.01"]
[Round "5.17"]
[White "Branquinho, Eduardo De Medeiros"]
[Black "Filgueiras, Nathan Felipe"]
[Result "0-1"]
[WhiteElo "1815"]
[BlackElo "2321"]
[PlyCount "88"]
[EventDate "2024.01.29"]
[EventRounds "9"]
[EventCountry "BRA"]

1. e4 c5 2. Nf3 Nc6 3. d4 cxd4 4. Nxd4 e5 5. Nb5 d6 6. N1c3 a6 7. Na3 Be6 8.
Nd5 Bxd5 9. Qxd5 Nf6 10. Bg5 Nxd5 11. Bxd8 Nc3 12. bxc3 Rxd8 $146 ({RR} 12...
Nxd8 13. Nb1 Ne6 14. Bd3 O-O-O 15. O-O g6 16. Nd2 Bh6 17. Nc4 Kc7 18. a4 Rhf8
19. a5 f5 20. Nb6 fxe4 21. Bxe4 Nc5 22. Bd5 Rf5 23. Na4 Rf4 24. Nxc5 dxc5 25.
c4 Rd4 26. Rfe1 Bd2 27. Rxe5 {Grzincic,T-Gladisheva,T (2191) Pula 1999 1/2-1/2
(66)}) 13. Nc4 d5 14. exd5 Rxd5 15. Be2 Rc5 16. a4 Kd8 17. Rb1 Kc7 18. O-O Be7
19. Rfd1 Rd8 20. Kf1 g6 21. Rxd8 Bxd8 22. Rd1 Bg5 23. g3 f5 24. f3 Ne7 25. Rb1
Bf6 26. Rb3 Nd5 27. Ke1 e4 28. Kd2 Nxc3 29. Ne3 Bd4 30. fxe4 fxe4 31. Rb4 Bxe3+
32. Kxe3 Nxe2 33. Kxe2 Rxc2+ 34. Ke3 Rxh2 35. Kxe4 Rh5 36. g4 Rg5 37. Kf4 Rc5
38. Re4 Kd6 39. Rb4 b5 40. axb5 axb5 41. Kg3 Kc6 42. Rf4 Rd5 43. Rf8 Rd7 44.
Kf3 b4 0-1

[Event "Sampa Chess Open 2024"]
[Site "Sao Paulo"]
[Date "2024.02.01"]
[Round "5.18"]
[White "Oliveira, Silvio Eduardo"]
[Black "De Paula, Luan Araujo"]
[Result "1-0"]
[WhiteElo "2297"]
[BlackElo "1863"]
[PlyCount "81"]
[EventDate "2024.01.29"]
[EventRounds "9"]
[EventCountry "BRA"]

1. e4 c6 2. d4 d5 3. f3 Qb6 4. Nc3 e5 ({RR} 4... e6 5. a3 Nf6 6. Be3 dxe4 7.
fxe4 Ng4 8. Na4 Nxe3 9. Nxb6 Nxd1 10. Nxa8 Nxb2 11. Nf3 Na4 12. Ne5 f6 13. Nc7+
Ke7 14. Nd3 Kd8 15. Na8 b6 16. g3 Bb7 17. Bh3 Bxa8 18. Bxe6 Nc3 19. Nf2 {
Li,C (2751)-Navara,D (2734) Huaian 2016 0-1 (32)}) 5. dxe5 ({RR} 5. exd5 exd4
6. Nce2 cxd5 7. Nxd4 Bc5 8. Bb5+ Nc6 9. Nge2 Nge7 10. Be3 O-O 11. Nxc6 bxc6 12.
Bxc5 Qxc5 13. Bd3 Rb8 14. b3 Re8 15. Qd2 Nf5 16. O-O-O Ne3 17. Rde1 Rb7 18. Nd4
Rbe7 19. b4 Qd6 {Haussernot,C (2188)-Batsiashvili,N (2491) Europe-Echecs INT
2022 0-1 (64)}) 5... d4 6. Nce2 Qa5+ $146 ({RR} 6... Bc5 7. Qd3 a5 8. f4 Na6 9.
a3 f6 10. Nf3 fxe5 11. fxe5 Bg4 12. Qb3 Qa7 13. Ng5 Nh6 14. Ne6 Nf7 15. Nxg7+
Kf8 16. Nf5 d3 17. cxd3 Bf2+ 18. Kd1 Nc5 19. Qc3 Rd8 20. Nd6 Na4 21. Qb3 {
Dominguez,F (2160)-Guerrero,A (2112) Montevideo URU 2021 1-0 (49)}) 7. Qd2 Bb4
8. c3 dxc3 9. bxc3 Bc5 10. Nd4 Ne7 11. f4 Ng6 12. Nb3 Qb6 13. Nxc5 Qxc5 14. a4
Nxf4 15. Ba3 Qxe5 16. O-O-O Ne6 17. Bc4 Qf4 18. Nf3 Qxd2+ 19. Rxd2 c5 20. Ne5
O-O 21. Rf1 Nc6 22. Nxc6 bxc6 23. Rd6 Ng5 24. Rxc6 Nxe4 25. Rf4 Nf6 26. Bxc5
Re8 27. Bd4 Bd7 28. Rc7 Rac8 29. Bxf7+ Kxf7 30. Rxd7+ Ke6 31. Rxg7 Nd5 32. Re4+
Kf5 33. Rxe8 Rxe8 34. Rxh7 Ke4 35. Kc2 a6 36. Rh4+ Kf5 37. Rh5+ Ke4 38. Rg5 Re6
39. h4 Nf4 40. h5 Rh6 41. Re5# 1-0

[Event "Sampa Chess Open 2024"]
[Site "Sao Paulo"]
[Date "2024.02.01"]
[Round "5.19"]
[White "Gazineu Neto, Rubens"]
[Black "Tsuboi, Edson Kenji"]
[Result "0-1"]
[WhiteElo "1912"]
[BlackElo "2200"]
[PlyCount "92"]
[EventDate "2024.01.29"]
[EventRounds "9"]
[EventCountry "BRA"]

1. e4 c5 2. Nf3 e6 3. d4 cxd4 4. Nxd4 Nc6 5. Nc3 Qc7 6. a3 a6 7. Be3 b5 8. Be2
Bb7 9. f4 d6 10. O-O Nf6 11. Bf3 Be7 12. Nxc6 Bxc6 13. e5 dxe5 14. Bxc6+ Qxc6
15. fxe5 Nd7 $146 ({RR} 15... Rd8 16. Qe2 Nd7 17. Qg4 O-O 18. Qg3 f5 19. exf6
Bxf6 20. Rad1 Be5 21. Rxf8+ Rxf8 22. Qh3 Nf6 23. Re1 Qc4 24. Kh1 Ng4 25. Bg1
Bxh2 26. b3 Qf4 27. g3 {0-1 (27) Westerberg,J (2410)-Movsesian,S (2699)
Pardubice 2013}) 16. Qg4 O-O 17. Qg3 f5 18. Rad1 Rfd8 19. Kh1 Nf8 20. Bg5 Bxg5
21. Qxg5 Qc7 22. Rde1 Rd4 23. Qe3 Rad8 24. Re2 Ng6 25. h3 Qc6 26. Qg5 Qc7 27.
Qe3 Qd7 28. Rff2 h6 29. g3 a5 30. Qf3 Kh7 31. Re3 Rc8 32. a4 bxa4 33. h4 f4 34.
Re4 fxg3 35. Qxg3 Rxc3 36. Rxd4 Qxd4 37. bxc3 Qe4+ 38. Kh2 Nxe5 39. Kh3 a3 40.
Rf4 Qh1+ 41. Qh2 Qd1 42. Qg2 Qd5 43. Qxd5 exd5 44. Rf1 Kg6 45. Kg3 Nc4 46. Kg4
Ne3+ 0-1

[Event "Sampa Chess Open 2024"]
[Site "Sao Paulo"]
[Date "2024.02.01"]
[Round "5.20"]
[White "Silva, Kaua Marques"]
[Black "Cardoso, Maria Paula Da Silv"]
[Result "1/2-1/2"]
[WhiteElo "2142"]
[BlackElo "1780"]
[PlyCount "124"]
[EventDate "2024.01.29"]
[EventRounds "9"]
[EventCountry "BRA"]

1. e4 c5 2. Nf3 d6 3. d4 cxd4 4. Nxd4 Nf6 5. Nc3 a6 6. Bg5 e6 7. f4 Be7 8. Qf3
Qc7 9. O-O-O Nbd7 10. Bd3 b5 11. Rhe1 Bb7 12. Nd5 exd5 13. Nf5 ({RR} 13. exd5
Kd8 14. Nc6+ Bxc6 15. dxc6 Nc5 16. Bf5 Ra7 17. Re2 Qb6 18. Rde1 Rc7 19. Rxe7
Qa5 20. Qd5 Ne6 21. R7xe6 fxe6 22. Rxe6 Re7 23. Qxd6+ {1-0 (23) Tukhaev,A 
(2517)-Mista,A (2543) Warsaw 2007}) 13... Kf8 ({RR} 13... Bf8 14. e5 dxe5 15.
fxe5 O-O-O 16. exf6 gxf6 17. Bh4 Ne5 18. Qh3 Qb6 19. Kb1 Kb8 20. Qg3 Re8 21.
Re2 Ka8 22. Bxf6 Qxf6 23. Rde1 Bb4 24. c3 Rhg8 25. Rxe5 Rxg3 26. Rxe8+ Ka7 27.
hxg3 Bc5 28. Kc2 {Tikvesli,C (1663)-Baspinar,L (1616) Konya TUR 2018 0-1 (76)})
14. exd5 Bxd5 $146 ({RR} 14... h6 15. Nxe7 hxg5 16. fxg5 Ne5 17. Rxe5 dxe5 18.
gxf6 Rh6 19. fxg7+ Kxe7 20. Qg3 Bxd5 21. g8=Q Rxg8 22. Qxg8 Bxa2 23. Qg5+ Rf6
24. Rf1 Qd6 25. Rxf6 {1-0 (25) Belokopyt,B (2037)-Bue,G (1813) Hockenheim 2007}
) ({RR} 14... Re8 15. Qg3 Rg8 16. Qh3 Nc5 17. g4 Bc8 18. Bxf6 Bxf6 19. Rxe8+
Kxe8 20. Qxh7 Kf8 21. g5 Bd8 22. b4 Nxd3+ 23. Rxd3 Bxf5 24. Qxf5 Rh8 25. h3 Rh4
26. Re3 g6 27. Qe4 Qd7 28. Qd4 Bxg5 29. Re4 {Belmonte,J-Savon,V La Serena 1972
0-1}) ({RR} 14... Bd8 15. Qg3 Rg8 16. Nxg7 Rxg7 17. Bh6 Nh5 18. Qe3 Bf6 19. Qe4
Nxf4 20. Qxf4 Bxd5 21. Bf5 Nb6 22. Be4 Bxe4 23. Rxe4 Rc8 24. Rd2 Qd8 25. Rxd6
Qc7 26. c3 Bxc3 27. bxc3 Qxc3+ 28. Kd1 Na4 29. Qe5 {Timman,J-Jakobsen,O
Helsinki 1972 1-0}) 15. Qg3 Be6 16. Nxe7 Kxe7 17. Bxf6+ gxf6 18. f5 Rag8 19.
Qh4 Ne5 20. fxe6 fxe6 21. Rf1 Rf8 22. Be2 Qc5 23. Qh6 Ng6 24. h4 Rf7 25. Bh5
Rg8 26. Rf3 b4 27. Rdf1 Rc8 28. Bxg6 hxg6 29. Qxg6 f5 30. R3f2 Qc4 31. Qg5+ Kd7
32. Kb1 a5 33. Qe3 Qxh4 34. Qa7+ Rc7 35. Qxa5 Qd4 36. Qa4+ Ke7 37. Rf4 Qd2 38.
R4f2 Qd4 39. a3 Rb7 40. Qc6 Kf6 41. Rf4 Qd2 42. a4 Rfc7 43. Qe4 Rc5 44. R4f2
Qd5 45. Qh4+ Kf7 46. Qh7+ Ke8 47. Qg8+ Kd7 48. Rh1 Kc6 49. b3 Kb6 50. Qd8+ Rbc7
51. Rc1 Rc3 52. Qb8+ Rb7 53. Qa8 Rc5 54. Rf3 Rc3 55. Qd8+ Ka7 56. Rxc3 bxc3 57.
Ka2 Rxb3 58. cxb3 Qd2+ 59. Ka3 Qxc1+ 60. Kb4 c2 61. Qc7+ Ka8 62. Qc6+ Ka7
1/2-1/2

[Event "Sampa Chess Open 2024"]
[Site "Sao Paulo"]
[Date "2024.02.01"]
[Round "5.21"]
[White "Simao, Davi Ribeiro"]
[Black "Ikejiri, Daniel Yoshito"]
[Result "0-1"]
[WhiteElo "1320"]
[BlackElo "1916"]
[PlyCount "88"]
[EventDate "2024.01.29"]
[EventRounds "9"]
[EventCountry "BRA"]

1. e4 c5 2. Nc3 Nc6 3. f4 g6 4. Nf3 Bg7 5. Bc4 e6 6. d3 Nge7 7. O-O O-O 8. Qe1
d5 9. Bb3 Nd4 10. Qh4 b5 11. f5 gxf5 12. Bh6 Nxf3+ 13. Rxf3 Ng6 $146 ({RR} 
13... dxe4 14. Bxg7 Kxg7 15. Rh3 Ng6 16. Qh6+ Kf6 17. dxe4 c4 18. exf5 exf5 19.
Re3 Be6 20. g4 f4 21. Ne4+ Ke7 22. Qg5+ f6 23. Qc5+ Kf7 24. Nd6+ Qxd6 25. Qxd6
fxe3 26. Re1 Rad8 27. Qc5 cxb3 28. axb3 {Sternberg,L (2066)-Lindinger,M (2307)
Hamburg 2007 0-1 (35)}) 14. Qxd8 Rxd8 15. Bxg7 Kxg7 16. exd5 Bd7 17. dxe6 fxe6
18. a4 b4 19. Nb5 Rac8 20. Re1 a6 21. Nd6 Rc6 22. Nc4 Kf6 23. Rfe3 Re8 24. Ne5
Nxe5 25. Rxe5 a5 26. Bc4 Rc7 27. b3 Re7 28. Kf2 h5 29. g3 Rg7 30. Bxe6 Bxe6 31.
Rxe6+ Kg5 32. R1e5 h4 33. gxh4+ Kf4 34. Rd5 Rcf7 35. Rxc5 Kg4 36. h5 Kxh5 37.
Ree5 Kg4 38. Rc4+ f4 39. Kg2 Rh7 40. Rxa5 Rh6 41. Rxb4 Rfh7 42. d4 Rxh2+ 43.
Kf1 Kf3 44. Ke1 Re2+ 0-1

[Event "Sampa Chess Open 2024"]
[Site "Sao Paulo"]
[Date "2024.02.01"]
[Round "5.22"]
[White "Cristino, Felipe Borges"]
[Black "Resende, Ana Gabriela Lobato"]
[Result "1/2-1/2"]
[WhiteElo "1890"]
[BlackElo "1800"]
[PlyCount "109"]
[EventDate "2024.01.29"]
[EventRounds "9"]
[EventCountry "BRA"]

1. d4 d5 2. c4 e6 3. cxd5 exd5 4. Nc3 Nf6 5. Bg5 Be7 6. e3 O-O 7. Bd3 Nbd7 8.
Nge2 Re8 9. Qc2 Nf8 10. O-O Be6 ({RR} 10... a6 11. a3 c6 12. f3 Ng6 13. Rad1
Be6 14. Ng3 Nf8 15. Bf5 g6 16. Bd3 Bc8 17. Nge2 Ne6 18. Bh4 Nh5 19. Bf2 Bd7 20.
Qd2 Bg5 21. Bb1 Bh6 22. Qc2 Rc8 23. Kh1 b5 24. e4 Nc7 25. b4 {Fish,G (2455)
-Smagin,S (2540) Moscow 1995 0-1 (48)}) 11. Rab1 Rc8 ({RR} 11... a5 12. Nf4 h6
13. Bxf6 Bxf6 14. Qb3 c5 15. Ncxd5 cxd4 16. Nxe6 Nxe6 17. e4 Nc5 18. Qc2 Rc8
19. Rbc1 Qd6 20. g3 Qe6 21. Qxc5 Rxc5 22. Rxc5 Rc8 23. Rxa5 Qc6 24. Rb5 Qa6 25.
a3 Bd8 26. Rc5 {Lambrecht,T (1601)-Gorkiewicz,M (1985) Lazy POL 2019 1/2-1/2 
(83)}) 12. b4 $146 ({RR} 12. Rfc1 c6 13. b4 a6 14. a4 Ng6 15. Nf4 Nxf4 16. Bxf4
g6 17. b5 axb5 18. axb5 Nh5 19. bxc6 bxc6 20. Na4 Nxf4 21. exf4 Ba3 22. Rd1 Qf6
23. Ba6 Rc7 24. Rb3 Bd6 25. Rc3 Bf5 26. Bd3 Bg4 {Bogner,N-Gypser,A (2210)
Baden-Baden 2001 0-1 (32)}) 12... c6 13. b5 c5 14. dxc5 Rxc5 15. Qa4 Qb8 16.
Bf4 Qa8 17. b6 axb6 18. Qxa8 Rxa8 19. Rxb6 Bc8 20. Rfb1 Rc6 21. R6b3 Bc5 22.
Bb5 Re6 23. Rd1 b6 24. Bg3 Ng6 25. Nxd5 Rxa2 26. Nxf6+ Rxf6 27. Nc3 Ra8 28. Nd5
Rf5 29. e4 Rg5 30. Nc7 Be6 31. Nxe6 fxe6 32. h4 Rg4 33. Be2 Rxg3 34. Rxg3 Ra2
35. Bc4 Rxf2 36. Bxe6+ Kf8 37. Kh1 Nxh4 38. Bh3 g6 39. Rd8+ Kg7 40. Rd1 b5 41.
Rg4 Be7 42. Rd7 Kf7 43. Rxe7+ Kxe7 44. Rxh4 h5 45. e5 Rf1+ 46. Kh2 Rb1 47. Rd4
g5 48. Rd7+ Ke8 49. Bf5 Rf1 50. g4 Rxf5 51. Rd5 hxg4 52. Rxb5 Ke7 53. Kg3 Rf4
54. e6 Kxe6 55. Rxg5 1/2-1/2

[Event "Sampa Chess Open 2024"]
[Site "Sao Paulo"]
[Date "2024.02.01"]
[Round "5.23"]
[White "Navarro, Gustavo Kazuo Yura"]
[Black "Cruz, Natan Gomes"]
[Result "0-1"]
[WhiteElo "1800"]
[BlackElo "1888"]
[PlyCount "64"]
[EventDate "2024.01.29"]
[EventRounds "9"]
[EventCountry "BRA"]

1. e4 c6 2. d3 d5 3. Nd2 dxe4 4. dxe4 g6 5. g3 Bg7 6. Bg2 Nf6 7. Ngf3 O-O 8.
O-O Nbd7 9. Re1 ({RR} 9. a4 Nc5 10. Qe2 b6 11. Re1 Ba6 12. Qe3 Qc7 13. h3 Rad8
14. Ra3 Nfd7 15. b4 Ne6 16. e5 c5 17. b5 Bb7 18. Bb2 Bd5 19. c4 Ba8 20. a5 h5
21. axb6 axb6 22. Rea1 Bb7 23. Ra7 Rb8 {Moiseenko,V (2492)-Kobalia,M (2620)
Sochi RUS 2018 0-1 (46)}) 9... Qc7 ({RR} 9... e5 10. Nc4 Ne8 11. b3 Qe7 12. Ba3
c5 13. Bb2 b6 14. Ne3 Bb7 15. Nd5 Qd8 16. Qe2 a6 17. Rad1 Bxd5 18. exd5 f6 19.
Nd2 Rb8 20. c4 Nd6 21. Ne4 Qc7 22. Nxd6 Qxd6 23. Bc1 b5 24. h4 {Yunus,B (1132)
-Isler,D (1432) Konya TUR 2019 1-0 (50)}) 10. c3 $146 ({RR} 10. e5 Nd5 11. e6
Ne5 12. exf7+ Rxf7 13. Nxe5 Bxe5 14. Nc4 Bg7 15. c3 Bd7 16. a4 Raf8 17. Ne3
Nxe3 18. Bxe3 a5 19. Qb3 b5 20. axb5 cxb5 21. Bd5 e6 22. Bxe6 Bxe6 23. Qxe6 a4
24. Bb6 Qb7 {Kleopas,G-Karoullas,L Cyprus 1996 1-0}) ({RR} 10. h3 e5 {1/2-1/2 
(10) Stevanovic,V (2298)-Dekic,J (2286) Yugoslavia 2002}) 10... Nc5 11. Qc2 Rd8
12. Nb3 Nd3 13. Rd1 Nxc1 14. Raxc1 Re8 15. h3 a5 16. Nbd4 e5 17. Ne2 a4 18. b3
axb3 19. axb3 Be6 20. Ng5 Bd7 21. Ra1 h6 22. Nf3 Bf8 23. c4 Bc5 24. b4 Rxa1 25.
Rxa1 Bxb4 26. Rb1 Bc5 27. Qb2 Bc8 28. Rd1 Nxe4 29. Qc1 Nxf2 30. Kf1 Nxd1 31.
Qxd1 e4 32. Nfd4 Rd8 0-1

[Event "Sampa Chess Open 2024"]
[Site "Sao Paulo"]
[Date "2024.02.01"]
[Round "5.24"]
[White "Blanco, Gustavo Jose Bachur"]
[Black "Moreira, Paulo Vinicius Mace"]
[Result "0-1"]
[WhiteElo "1491"]
[BlackElo "1711"]
[PlyCount "80"]
[EventDate "2024.01.29"]
[EventRounds "9"]
[EventCountry "BRA"]

1. e4 d5 2. exd5 Nf6 3. d4 Nxd5 4. c4 Nb6 5. c5 Nd5 6. Bc4 g6 ({RR} 6... c6 7.
Qb3 b6 8. Nc3 e6 9. cxb6 Nxb6 10. Nge2 Nxc4 11. Qxc4 Bd6 12. Qa4 O-O 13. Be3
Qc7 14. Ne4 Nd7 15. Rc1 Bb7 16. N2c3 Rfc8 17. Nxd6 Qxd6 18. Ne4 Qd5 19. f3 Qb5
20. Qa3 Ba6 21. Kf2 {Tolnai,T (2450)-Palkovi,J (2480) Budapest 1996 1-0 (52)})
({RR} 6... c6 7. Nf3 Bg4 8. O-O e6 9. Nc3 Nd7 10. Nxd5 exd5 11. Bd3 Be7 12. h3
Bh5 13. Re1 O-O 14. Bf4 Nf6 15. g4 Bg6 16. Qc2 Bxd3 17. Qxd3 Ne4 18. Nd2 Nxd2
19. Qxd2 Qd7 20. Re3 Bf6 21. Be5 {Bruun,H (2123)-Lemery,J (1495) Reykjavik
2016 1-0 (55)}) 7. Qf3 c6 8. Nc3 Be6 9. Nh3 $146 ({RR} 9. Nge2 Bg7 10. O-O O-O
11. Nxd5 Bxd5 12. Bxd5 cxd5 13. Bg5 Qd7 14. Rad1 e6 15. Bf6 Nc6 16. Bxg7 Kxg7
17. Nf4 Qe7 18. Rfe1 Qf6 19. Qg3 Kh8 20. Qg4 h5 21. Nxh5 gxh5 22. Qxh5+ Kg7 23.
Rd3 Rh8 {Campos Hernandez,A (2190)-Lampersberger,P Las Palmas 1995 1-0 (66)})
9... Nc7 10. Bxe6 Nxe6 11. d5 Nd4 12. Qe4 Bg7 13. d6 Ne6 14. Be3 exd6 15. Qb4
Qd7 16. Ne4 dxc5 17. Bxc5 Na6 18. Nd6+ Qxd6 19. Qxb7 Rb8 20. Qxa6 Qxc5 21. O-O
O-O 22. Rac1 Qb6 23. Qa4 c5 24. Rc4 Qb5 25. Qc2 Nd4 26. Qd3 Qxb2 27. Rxc5 Qxa2
28. Ng5 Ne6 29. Nxe6 Qxe6 30. g3 Rb3 31. Qc2 Rb2 32. Qa4 Ra2 33. Qh4 Qb6 34.
Rfc1 Qb2 35. R1c2 Qxc2 36. Rxc2 Rxc2 37. Qa4 Rb2 38. Qxa7 Rd8 39. h4 Bd4 40.
Qa5 Bxf2+ 0-1

[Event "Sampa Chess Open 2024"]
[Site "Sao Paulo"]
[Date "2024.02.01"]
[Round "5.25"]
[White "Melian, Juan Sebastian"]
[Black "Correa, Joao Pedro Vieira"]
[Result "1-0"]
[WhiteElo "2238"]
[BlackElo "1864"]
[PlyCount "77"]
[EventDate "2024.01.29"]
[EventRounds "9"]
[EventCountry "BRA"]

1. d4 Nf6 2. c4 e6 3. Nf3 d5 4. g3 Nc6 5. Nbd2 ({RR} 5. cxd5 Bb4+ 6. Bd2 Bxd2+
7. Qxd2 {1/2-1/2 (7) Fressinet,L (2693)-Tkachiev,V (2641) Nancy 2012}) 5... Bd6
$146 ({RR} 5... Bb4 6. Qc2 Ne4 7. Bg2 Qf6 8. O-O Bxd2 9. Bxd2 O-O 10. Rad1 Nd6
11. b3 dxc4 12. bxc4 Nxd4 13. Nxd4 Qxd4 14. c5 Qc4 15. Qxc4 Nxc4 16. Bc3 Rb8
17. Rd4 Ne5 18. Ra4 Nd7 19. Rxa7 Nxc5 20. Bb4 {Armstrong,M (1974)-Lambourne,D 
(1996) England 2011 1/2-1/2 (68)}) ({RR} 5... Bb4 6. Bg2 O-O 7. O-O Bxd2 8.
Bxd2 dxc4 9. Rc1 Nxd4 10. Rxc4 Nxf3+ 11. Bxf3 c6 12. Qc2 e5 13. Rd1 Re8 14. Rh4
Qd7 15. g4 e4 16. Bc3 Qe6 17. g5 Qf5 18. gxf6 Qg5+ 19. Kh1 {1/2-1/2 (19)
Fressinet,L (2651)-Griffiths,R (2353) England ENG 2018}) ({RR} 5... Be7 6. Bg2
O-O 7. O-O Ne4 8. e3 f5 9. a3 a5 10. b3 Bd7 11. Bb2 Be8 12. Ne1 a4 13. Nxe4
fxe4 14. b4 Bg6 15. Rc1 Bf6 16. Qc2 Bf5 17. Qe2 Ne7 18. f3 exf3 19. Bxf3 Bh3
20. Ng2 {Merriman,J (2259)-Pedersen,C (2154) London 2010 1/2-1/2}) ({RR} 5...
Bb4 6. Qc2 dxc4 7. Qxc4 Qd5 8. Qxd5 exd5 9. a3 Bxd2+ 10. Bxd2 Bg4 11. Bc3 Bxf3
12. exf3 O-O 13. Bd3 Rfe8+ 14. Kd2 Nb8 15. Rae1 Nbd7 16. Re3 c6 {1/2-1/2 (16)
Dean,J (2232)-Benen,S (2360) Philadelphia 2004}) 6. Bg2 O-O 7. O-O Re8 8. Qc2
dxc4 9. Nxc4 e5 10. dxe5 Nxe5 11. Nxd6 Qxd6 12. Bf4 Qc6 13. Qb3 Nxf3+ 14. Bxf3
Qd7 15. Rfd1 Qe7 16. Rac1 c6 17. Bd6 Qe6 18. Qa3 Qh3 19. Bg2 Qh5 20. e3 Ng4 21.
h3 Nf6 22. Rd4 Qf5 23. Bf4 h6 24. b3 g5 25. Bd6 Ne4 26. Qb2 Nxd6 27. Rxd6 Be6
28. Rcd1 Qg6 29. Qd4 Qg7 30. Qb4 Rab8 31. Qa5 a6 32. R1d4 Qf6 33. e4 Kg7 34.
Qd2 Rbc8 35. f4 Rc7 36. f5 c5 37. Rc4 Bxc4 38. Rxf6 Kxf6 39. Qd6+ 1-0